Baby (Lyrics)- Madison Beer - Statistics

General Stats
  • This quiz has been taken 27 times
  • The average score is 409 of 479
Answer Stats
Answer % Correct
a
100%
Baby
100%
baby
100%
be
100%
can
100%
do
100%
Go
100%
I
100%
If
100%
in
100%
know
100%
Know
100%
me
100%
my
100%
tell
100%
the
100%
this
100%
this?
100%
to
100%
too
100%
what
100%
what's
100%
when
100%
you
100%
You
100%
antidote?
95%
bedroom
95%
good
95%
I'm
95%
on
95%
On
95%
on?
95%
wanna
95%
for
91%
gonna
91%
like
91%
look
91%
some
91%
Without
91%
your
91%
best
86%
ever
86%
had
86%
it
86%
lips
86%
mad
86%
someone
86%
taste
86%
touch
86%
turn
86%
Why
86%
yeah
86%
call
82%
Probably
82%
that
82%
there
82%
clothes
77%
crazy
77%
it's
77%
It's
77%
still
77%
and
73%
body
73%
drive
73%
he
73%
How
73%
somethin'
73%
would
73%
wrong
73%
are
68%
but
68%
candy?
68%
see
68%
there's
68%
Wouldn't
68%
is
64%
'less
64%
more
64%
much
64%
take
64%
text
64%
that's
64%
wait
64%
yours
64%
have
59%
Keep
59%
late
59%
most
59%
pay
59%
say
59%
can't
55%
floor
55%
got
55%
hands
55%
longer
55%
Maybe
55%
maybe
55%
treat
55%
back
50%
get
50%
handful
50%
out
50%
Pin
50%
something
50%
sweet
50%
comin'
45%
try
45%
will
45%
Alone
41%
from
41%
Sugarcoated
41%
up
41%
bank
36%
empty
36%
gotta
36%
hear
36%
just
36%
love
36%
myself
36%
once
36%
ooh
36%
better
32%
ear
32%
feelin'
32%
name
32%
need
32%
Need
32%
help
27%
music
27%
Whisper
27%
handle
23%
No matching quizzes found
Score Distribution
Percent of People with Each Score
Percentile by Number Answered
Your Score History
You have not taken this quiz